Indian political thought: Themes and thinkers (Record no. 395166)

MARC details
000 -LEADER
fixed length control field 00541 a2200193 4500
005 - DATE & TIME
control field 20260209164008.0
008 - FIXED-LENGTH DATA ELEMENTS--GENERAL INFORMATION
fixed length control field 260209b |||||||| |||| 00| 0 eng d
020 ## - ISBN
International Standard Book Number 9789369676972
Price Rs. 4995.00
040 ## - CATALOGING SOURCE
Original cataloging agency VIVEKANANDA LIBRARY
082 ## - DDC NUMBER
Classification number 320.50954
Book Number J199I
100 ## - MAIN ENTRY--PERSONAL NAME
Personal name Jaiswal, Piyush Kumar
245 ## - TITLE STATEMENT
Title Indian political thought: Themes and thinkers
260 ## - PUBLICATION, DISTRIBUTION, ETC. (IMPRINT)
Name of publisher, distributor, etc Scientific Books International
Date of publication, distribution, etc 2026
Place of publication, distribution, etc New Delhi
300 ## - PHYSICAL DESCRIPTION
Pages 262
650 ## - Subject
Subject Political Science
650 ## - Subject
Subject Political Thought
650 ## - Subject
Subject Indian Politics
942 ## - ADDED ENTRY ELEMENTS (KOHA)
Koha item type Books
Holdings
Withdrawn status Lost status Source of classification or shelving scheme Damaged status Not for loan Location (home branch) Sublocation or collection (holding branch) Shelving location Date acquired Koha issues (times borrowed) Koha full call number Accession No. Koha date last seen Koha item type
    Dewey Decimal Classification     VIVEKANANDA LIBRARY VIVEKANANDA LIBRARY Vivekananda Library 07/01/2026   320.50954 J199I 443961 07/01/2026 Books
© Designed and Maintained by Vivekananda Library, MDU Rohtak